Arachidonate cascade in mesenteric blood vessels and platelets of spontaneously hypertensive rats

The cyclooxygenase and lipoxygenase pathways of the arachidonate cascade are investigated in vitro in the mesenteric arteries and in the platelets of Wistar normotensive and Okamoto spontaneously hypertensive (SH) rats, using 1-14C arachidonic acid as substrate. The arachidonate cascade in the mesen...

Teljes leírás

Elmentve itt :
Bibliográfiai részletek
Szerzők: Gecse A.
Sonkodi Sándor
Mezei Zsófia
Telegdy Gyula
Dokumentumtípus: Cikk
Megjelent: 1987
Sorozat:AGENTS AND ACTIONS 22 No. Suppl.
Tárgyszavak:
doi:10.1007/978-3-0348-9299-5_4

mtmt:1352844
Online Access:http://publicatio.bibl.u-szeged.hu/32975
LEADER 01804nab a2200253 i 4500
001 publ32975
005 20250428125110.0
008 250428s1987 hu o 000 eng d
022 |a 0065-4299 
024 7 |a 10.1007/978-3-0348-9299-5_4  |2 doi 
024 7 |a 1352844  |2 mtmt 
040 |a SZTE Publicatio Repozitórium  |b hun 
041 |a eng 
100 1 |a Gecse A. 
245 1 0 |a Arachidonate cascade in mesenteric blood vessels and platelets of spontaneously hypertensive rats  |h [elektronikus dokumentum] /  |c  Gecse A. 
260 |c 1987 
300 |a 43-48 
490 0 |a AGENTS AND ACTIONS  |v 22 No. Suppl. 
520 3 |a The cyclooxygenase and lipoxygenase pathways of the arachidonate cascade are investigated in vitro in the mesenteric arteries and in the platelets of Wistar normotensive and Okamoto spontaneously hypertensive (SH) rats, using 1-14C arachidonic acid as substrate. The arachidonate cascade in the mesenteric arteries of both Wistar and Okamoto rats showed a sexual dependence. The lipoxygenase dominance in the mesenteric arteries increased almost in parallel with the blood pressure in female SH rats. The activities of cyclooxygenase and lipoxygenase were 4-12 times higher in female animals than in males. The lipoxygenase pathway dominated the arachidonate cascade in the platelets of both normotensive and hypertensive rats. The lipoxygenase pathway was more active in the platelets of SH animals than in the controls. Both in the mesenteric arteries and in the platelets, the arachidonate cascade might play some role in the pathogenesis of hypertension. 
650 4 |a Általános orvostudomány 
700 0 1 |a Sonkodi Sándor  |e aut 
700 0 1 |a Mezei Zsófia  |e aut 
700 0 1 |a Telegdy Gyula  |e aut 
856 4 0 |u http://publicatio.bibl.u-szeged.hu/32975/1/aok_klny_375_87.pdf  |z Dokumentum-elérés